000 00898nam a22002297a 4500
999 _c4956
_d4956
003 AR-CdUCM
008 190311b ||||| |||| 00| 0 spa d
040 _aMUNICIPALIDAD PROVINCIAL DEL CUSCO
_cBIBLIOTECA MUNICIPAL DEL CUSCO
082 _a373.331 /
_bB24
100 _aBasurto Garcia, Alfredo
_915194
245 _aLa escritura :
_bensayos pedagógicos /
260 _aMexico :
_bPublicaciones y ediciones,
_c1959.
300 _a137 páginas ;
_c17 cm.
505 _aEsquema histórico de la escritura -- La escritura y el programa del lenguaje -- Conflictos y tendencias en la práctica de la escritura -- Discrepancias entre el hogar y la escuela...
650 _aEscuela.
_91856
650 _aEscritura.
_94757
650 _aHistoria de la escritura.
_98880
650 _aTécnica de enseñanza.
_915195
700 _aFernandez, Luis (editor)
_915196
942 _2ddc
_cLIBROS
945 _awfj